[Event "Paris-ch op-A"]
[Site "Paris"]
[Date "2010.07.08"]
[Round "6"]
[White "Bouzin, Igor"]
[Black "Djordjevic, Vladimir"]
[Result "1/2-1/2"]
[WhiteElo "1818"]
[BlackElo "1958"]
[PlyCount "39"]
[EventDate "2010.07.03"]
[EventType "swiss"]
[EventRounds "9"]
[EventCountry "FRA"]
[SourceTitle "CBM 137 Extra"]
[Source "ChessBase"]
[SourceDate "2010.09.01"]
[SourceVersion "1"]
[SourceVersionDate "2010.09.01"]
[SourceQuality "1"]

1. e4 e6 2. d4 d5 3. Nc3 Nf6 4. Bg5 Be7 5. e5 Nfd7 6. Bxe7 Qxe7 7. f4 Qb4 8. Qd2 a6 9. Rb1 c5 10. Nf3 Nc6 11. Ne2 f6 12. c3 Qb6 13. g3 0-0 14. Bh3 Re8 15. Kf1 Qc7 16. Kg2 fxe5 17. fxe5 cxd4 18. cxd4 Nb6 19. b3 Qe7 20. Rhf1 1/2-1/2

[Event "Saint Quentin op 11th"]
[Site "Elancourt"]
[Date "2009.04.19"]
[Round "3"]
[White "Djordjevic, Vladimir"]
[Black "Jean, Robert"]
[Result "1/2-1/2"]
[WhiteElo "1950"]
[BlackElo "1842"]
[PlyCount "30"]
[EventDate "2009.04.18"]
[EventType "swiss"]
[EventRounds "9"]
[EventCountry "FRA"]
[SourceTitle "CBM 129 Extra"]
[Source "ChessBase"]
[SourceDate "2009.05.05"]
[SourceVersion "2"]
[SourceVersionDate "2009.05.20"]
[SourceQuality "1"]

1. e4 c5 2. Nf3 d6 3. d4 cxd4 4. Nxd4 Nf6 5. Nc3 a6 6. Be2 e6 7. a4 Nc6 8. Be3 Qc7 9. 0-0 Be7 10. f4 0-0 11. Bf3 Bd7 12. Kh1 Rac8 13. Nb3 b6 14. Qd2 Ra8 15. Qf2 Rab8 1/2-1/2

[Event "Syre Memorial op 27th"]
[Site "Issy les Moulineaux"]
[Date "2004.05.22"]
[Round "5"]
[White "Djordjevic, Vladimir"]
[Black "Hristodorescu, Daniel"]
[Result "0-1"]
[WhiteElo "1930"]
[BlackElo "2262"]
[PlyCount "82"]
[EventDate "2004.05.20"]
[EventType "swiss"]
[EventRounds "6"]
[EventCountry "FRA"]
[SourceTitle "CBM 100 Extra"]
[Source "ChessBase"]
[SourceDate "2004.07.06"]
[SourceVersion "2"]
[SourceVersionDate "2004.07.06"]
[SourceQuality "1"]

1. d4 Nf6 2. c4 c5 3. e3 cxd4 4. exd4 d5 5. Nc3 g6 6. Qb3 Bg7 7. cxd5 0-0 8. Bc4 Nbd7 9. d6 exd6 10. Nf3 Nb6 11. Be2 Be6 12. Qc2 Nbd5 13. 0-0 Rc8 14. a3 Re8 15. Bb5 Re7 16. Bd2 a6 17. Ba4 Nxc3 18. bxc3 Bd5 19. Qd1 Ne4 20. Bb3 Bxb3 21. Qxb3 Rec7 22. Rac1 Nxd2 23. Nxd2 Bxd4 24. Qb2 Rxc3 25. Ne4 R3c4 26. Qd2 d5 27. Rxc4 Rxc4 28. Ng5 b5 29. Rd1 Bf6 30. Nf3 d4 31. g3 Qe7 32. Re1 Qxa3 33. Qf4 Kg7 34. h4 Qc5 35. h5 Qxh5 36. g4 Qd5 37. g5 Bd8 38. Re5 Qd7 39. Qh4 d3 40. Qh6+ Kg8 41. Nh2 d2 0-1

[Event "FRA-chT4 0405"]
[Site "Franconville"]
[Date "2004.01.11"]
[Round "4.5"]
[White "Rajewski, Alexandre"]
[Black "Djordjevic, Vladimir"]
[Result "0-1"]
[WhiteElo "1970"]
[BlackElo "1930"]
[PlyCount "96"]
[EventDate "2004.10.10"]
[EventType "team"]
[EventRounds "7"]
[EventCountry "FRA"]
[SourceTitle "EXT 2007"]
[Source "ChessBase"]
[SourceDate "2006.11.23"]
[SourceVersion "1"]
[SourceVersionDate "2006.11.23"]
[SourceQuality "1"]

1. e4 e6 2. d4 d5 3. exd5 exd5 4. Bd3 Nc6 5. Nf3 Be7 6. 0-0 Nf6 7. c3 Bg4 8. Bg5 Ne4 9. Bxe7 Qxe7 10. Bxe4 dxe4 11. Re1 0-0-0 12. h3 Bxf3 13. gxf3 Qh4 14. fxe4 Qxh3 15. Re3 Qh6 16. Nd2 Rd6 17. Nf1 Qg6+ 18. Kh1 Qg5 19. Rg3 Qh4+ 20. Nh2 Qxe4+ 21. f3 Qf4 22. Rxg7 Rg6 23. Rxg6 hxg6 24. Qe2 Ne7 25. Rg1 Nf5 26. Qf2 Rh3 27. Rg4 Qh6 28. Qe2 Qc1+ 29. Kg2 Rh8 30. Nf1 Qh6 31. Kf2 Nd6 32. Qe3 Qh1 33. Qf4 Qh5 34. Qg5 Qh3 35. Rg3 Qe6 36. b3 Re8 37. Qd2 Qf6 38. Kg1 Nf5 39. Qg5 Qc6 40. c4 Nxd4 41. Qg4+ Nf5 42. Rg2 Qc5+ 43. Kh1 Re1 44. Rg1 Qf2 45. Qh3 Kd7 46. Qg2 Qh4+ 47. Nh2 Ng3+ 48. Qxg3 Qxg3 0-1